Naša Káča v Riu Zhovárame sa so sólistom opery SND Idou Kirilovou

Bibliographic Details
Main Authors: Kirilová, Ida, 1949-2004 (Author), Groš, Martin (Author)
Format: Article
Language:Slovak
PhysicalDescription:Obr. 1.
Subjects:

MARC

LEADER 00000nab a2200000 a 4500
001 vtls000088348
003 SK-MaSNL
005 20260303031928.0
008 111103c1981 xo 0 slo
015 |a SNBRB19rr/mm-uuuuu 
035 |a CL0098451 
040 |a SNKBUCL  |b slo  |c SNKBUCL  |e AACR2 
041 0 |a slo 
044 |a xo  |c SK 
080 |a 78.071  |2 1981 
100 1 |a Kirilová, Ida,  |d 1949-2004  |4 aut  |9 14833 
245 1 0 |a Naša Káča v Riu  |b Zhovárame sa so sólistom opery SND Idou Kirilovou  |c Ida Kirilová, Martin Groš 
300 |b Obr. 1. 
600 1 7 |a Kirilová, Ida,  |d 1949-2004  |2 snkbucl  |9 14833 
655 7 |a články z novín a časopisov  |2 snkbucl  |9 267496 
700 1 |a Groš, Martin  |4 aut  |9 648271 
773 0 |t Smena  |g Roč. 34, č. 138 (13. 6. 1981), s. 6 
850 |a Slovenská národná knižnica v Martine  |a MTA001 
852 |a SNK  |b KIS3GCP 
958 |a RK 
992 |a RBX 
999 |c 1661149  |d 1663079